[Event "2. Bundesliga Ost 2010/2011"]
[Site "2+3.10.Zwettl,30.10-1.11.Wien,27+28.11.Wien,29+30.
[Date "2010.10.02"]
[Round "1"]
[Board "5"]
[White "Todor, Razvan"]
[Black "Steinert, Martin"]
[Result "1-0"]
[WhiteElo "2221"]
[BlackElo "2081"]
[PlyCount "135"]
[EventDate "2010.10.02"]
[EventType "team"]
[EventRounds "11"]
[EventCountry "AUT"]
[WhiteTeam "1. Wr. Neustaedter SV"]
[BlackTeam "Blackburne Nickelsdorf"]

1.c4 Nf6 2.Nf3 Nc6 3.d4 d6 4.Nc3 Bg4 5.e3 e5 6.d5 Nb8 7.Be2 a5 8.a3 Na6 9.Qa4+
Bd7 10.Qc2 Nc5 11.Nd2 a4 12.b4 axb3 13.Nxb3 b6 14.Nxc5 dxc5 15.O-O Bd6 16.e4 O-O
17.Bg5 h6 18.Bh4 g5 19.Bg3 Kg7 20.a4 Ng8 21.Nb5 f5 22.exf5 Bxf5 23.Qb2 Qf6
24.Nxd6 cxd6 25.Ra3 Ne7 26.Bd1 Nc8 27.Re1 Kg6 28.Rf3 e4 29.Qxf6+ Rxf6 30.Rfe3 h5
31.h3 h4 32.Bh2 Bd7 33.Rxe4 Bxa4 34.Bg4 b5 35.Re8 Nb6 36.Rxa8 Nxa8 37.cxb5 Bxb5
38.Be6 Nc7 39.Bxd6 Nxd5 40.Bxc5 Nf4 41.Bb3 Rc6 42.Be3 Rc3 43.Ba2 Bc6 44.Bb1+ Kf7
45.Bd2 Ra3 46.Be4 Bb5 47.Rb1 Bc4 48.Rb4 Be6 49.Bxf4 gxf4 50.Bf3 Kf6 51.Rxf4+ Kg5
52.Rf8 Ra1+ 53.Kh2 Rf1 54.Be2 Re1 55.Bd3 Rd1 56.f4+ Kh6 57.Be2 Kg7 58.Bxd1 Kxf8
59.Bg4 Bd5 60.Kg1 Ke7 61.Kf2 Kd6 62.Bf3 Be6 63.Ke3 Bf5 64.Be4 Bc8 65.Kf3 Kc5
66.f5 Kd4 67.f6 Be6 68.Bg6 1-0

[Event "2. Bundesliga Ost 2010/2011"]
[Site "2+3.10.Zwettl,30.10-1.11.Wien,27+28.11.Wien,29+30.
[Date "2010.10.02"]
[Round "1"]
[Board "6"]
[White "Bachofner, Christian"]
[Black "Wiedner, Robert"]
[Result "1/2-1/2"]
[WhiteElo "2076"]
[BlackElo "2189"]
[PlyCount "43"]
[EventDate "2010.10.02"]
[EventType "team"]
[EventRounds "11"]
[EventCountry "AUT"]
[WhiteTeam "Blackburne Nickelsdorf"]
[BlackTeam "1. Wr. Neustaedter SV"]

1.e4 c5 2.Nf3 e6 3.d4 cxd4 4.Nxd4 Nf6 5.Bd3 Nc6 6.Nxc6 dxc6 7.O-O e5 8.h3 Be6
9.Nd2 Be7 10.Qe2 Qc7 11.Bc4 Bxc4 12.Nxc4 b5 13.Ne3 Nxe4 14.Nf5 Ng5 15.Nxg7+ Kf8
16.Nf5 Rg8 17.Kh1 Rd8 18.Qh5 Rg6 19.Nh4 Rg7 20.Nf5 Rg6 21.Nh4 Rg7 22.Nf5 1/2-1/2

[Event "2. Bundesliga Ost 2010/2011"]
[Site "2+3.10.Zwettl,30.10-1.11.Wien,27+28.11.Wien,29+30.
[Date "2010.10.02"]
[Round "1"]
[Board "1"]
[White "Schweda, Roland"]
[Black "Papp, Gabor"]
[Result "1/2-1/2"]
[WhiteElo "2457"]
[BlackElo "2526"]
[PlyCount "90"]
[EventDate "2010.10.02"]
[EventType "team"]
[EventRounds "11"]
[EventCountry "AUT"]
[WhiteTeam "ASVOE Wulkaprodersdorf"]
[BlackTeam "ASVOE SK Mattersburg"]

1.d4 Nf6 2.c4 e6 3.Nc3 Bb4 4.e3 O-O 5.Nge2 d5 6.a3 Be7 7.cxd5 Nxd5 8.g3 Nxc3
9.Nxc3 c5 10.Bg2 cxd4 11.exd4 Bf6 12.Be3 Nc6 13.d5 exd5 14.Qxd5 Be6 15.Qxd8
Rfxd8 16.O-O Na5 17.Rad1 Nc4 18.Rxd8+ Rxd8 19.Bxa7 b6 20.Rd1 Nxb2 21.Rxd8+ Bxd8
22.Bb8 Nc4 23.a4 Bf6 24.Nd5 Bd4 25.Ba7 Kf8 26.Nf4 Ke7 27.Bf1 Nd2 28.Nxe6 Kxe6
29.Bd3 Kd5 30.Kg2 Ne4 31.f4 f5 32.h3 g6 33.g4 Bc5 34.Bb5 Nc3 35.Be8 Ne2 36.Bb8
Ke4 37.Bc7 Ke3 38.gxf5 gxf5 39.Bd7 Ke4 40.Bc6+ Ke3 41.Bd7 Nxf4+ 42.Bxf4+ Kxf4
43.Bc6 Ke3 44.Bd7 f4 45.Bc6 h6 1/2-1/2

[Event "2. Bundesliga Ost 2010/2011"]
[Site "2+3.10.Zwettl,30.10-1.11.Wien,27+28.11.Wien,29+30.
[Date "2010.10.02"]
[Round "1"]
[Board "2"]
[White "Fodor, Tamas"]
[Black "Volkmann, Friedrich Karl"]
[Result "1/2-1/2"]
[WhiteElo "2451"]
[BlackElo "2409"]
[PlyCount "218"]
[EventDate "2010.10.02"]
[EventType "team"]
[EventRounds "11"]
[EventCountry "AUT"]
[WhiteTeam "ASVOE SK Mattersburg"]
[BlackTeam "ASVOE Wulkaprodersdorf"]

1.d4 d5 2.c4 c6 3.Nc3 Nf6 4.Nf3 e6 5.Bg5 Nbd7 6.cxd5 exd5 7.e3 Be7 8.Qc2 Nh5
9.Bxe7 Qxe7 10.O-O-O Ndf6 11.Bd3 Bg4 12.Kb1 O-O 13.Rc1 Bxf3 14.gxf3 g6 15.Ne2
Rac8 16.Qc5 Qxc5 17.Rxc5 Ng7 18.h4 Nfe8 19.Nf4 Nd6 20.h5 g5 21.Nh3 h6 22.Rcc1 f5
23.f4 g4 24.Ng1 Kf7 25.Ne2 Ke6 26.Rcg1 Nge8 27.Nc1 Nf6 28.Be2 Nfe4 29.Rg2 b6
30.Nb3 Rg8 31.Rhg1 Nf6 32.Nd2 Nxh5 33.f3 Nf6 34.fxg4 fxg4 35.Bxg4+ Nxg4 36.Rxg4
Rxg4 37.Rxg4 Nf5 38.Nf1 Kf6 39.Kc2 h5 40.Rg1 c5 41.dxc5 bxc5 42.b3 c4 43.Ng3
cxb3+ 44.Kxb3 Nxe3 45.Nxh5+ Kf5 46.Rg5+ Ke4 47.Rg7 Rb8+ 48.Ka4 d4 49.Rd7 Nc4
50.Ng3+ Kf3 51.Rxd4 Nb6+ 52.Ka5 Kxg3 53.f5 Rf8 54.Ka6 Nc8 55.Kb7 Kf3 56.a4 Ke3
57.Rd7 Nb6 58.Rh7 Nxa4 59.Rh3+ Kd2 60.Kxa7 Rxf5 61.Ka6 Nb2 62.Kb6 Nd3 63.Kc6 Kc3
64.Rh1 Kd4 65.Rd1 Kc4 66.Kd6 Rf6+ 67.Ke7 Ra6 68.Rd2 Kd4 69.Kd7 Ke3 70.Rd1 Ke4
71.Kc7 Ne5 72.Kb7 Rh6 73.Kc7 Rh7+ 74.Kb6 Nf3 75.Kc5 Rc7+ 76.Kd6 Rc8 77.Rh1 Nd4
78.Re1+ Kf4 79.Rf1+ Nf3 80.Kd5 Rd8+ 81.Kc6 Ke4 82.Rh1 Ne5+ 83.Kc5 Rc8+ 84.Kd6
Rc6+ 85.Ke7 Nf3 86.Kd7 Ra6 87.Rd1 Ke5 88.Rh1 Kd5 89.Rd1+ Nd4 90.Ke7 Re6+ 91.Kf7
Re4 92.Kf6 Kd6 93.Ra1 Rf4+ 94.Kg5 Ne6+ 95.Kg6 Nc5 96.Kg5 Ke5 97.Ra5 Rf5+ 98.Kg4
Ke4 99.Ra1 Rf4+ 100.Kg3 Kf5 101.Ra5 Rc4 102.Ra8 Rc3+ 103.Kf2 Nd7 104.Ke2 Ne5
105.Kd2 Rc4 106.Rd8 Ke4 107.Re8 Rc7 108.Re6 Kd4 109.Rd6+ Ke4 1/2-1/2

[Event "2. Bundesliga Ost 2010/2011"]
[Site "2+3.10.Zwettl,30.10-1.11.Wien,27+28.11.Wien,29+30.
[Date "2010.10.02"]
[Round "1"]
[Board "3"]
[White "Sandhu, Mario"]
[Black "Brod, Manfred"]
[Result "1/2-1/2"]
[WhiteElo "2330"]
[BlackElo "2183"]
[PlyCount "145"]
[EventDate "2010.10.02"]
[EventType "team"]
[EventRounds "11"]
[EventCountry "AUT"]
[WhiteTeam "ASVOE Wulkaprodersdorf"]
[BlackTeam "ASVOE SK Mattersburg"]

1.Nf3 c5 2.c4 Nc6 3.g3 g6 4.Bg2 Bg7 5.O-O d6 6.Nc3 e5 7.Ne1 Be6 8.Nd5 Nge7 9.a3
a5 10.Rb1 Rb8 11.d3 O-O 12.Bd2 b5 13.Nc2 bxc4 14.dxc4 f5 15.b4 axb4 16.axb4 e4
17.Nce3 Bxd5 18.cxd5 Nxb4 19.Qa4 Qe8 20.Qxe8 Rfxe8 21.Nc4 Nexd5 22.Nxd6 Red8
23.Nc4 Nc3 24.Bxc3 Bxc3 25.Rfc1 Na2 26.Rxb8 Rxb8 27.Rc2 Ra8 28.f3 Bg7 29.fxe4
Nb4 30.Rd2 fxe4 31.Bxe4 Re8 32.Bf3 Bd4+ 33.Kg2 Kg7 34.e3 Bf6 35.Kf2 Rd8 36.Rxd8
Bxd8 37.e4 Bc7 38.Ke3 Nc6 39.Nb2 Be5 40.Nc4 Bc7 41.Be2 Ne5 42.Na3 Kf6 43.Nb5 Bb8
44.Nc3 Ke6 45.Nd5 Bd6 46.Nf4+ Kf6 47.Kd2 g5 48.Nd5+ Kg6 49.Ne3 h5 50.Nf5 Bf8
51.h4 gxh4 52.gxh4 Bh6+ 53.Kc3 Bf4 54.Kb3 Bd2 55.Bb5 Nf3 56.Be8+ Kf6 57.Bxh5
Nd4+ 58.Nxd4 cxd4 59.Bf3 Ke5 60.Kc4 Bh6 61.Kd3 Bg7 62.Bd1 Kf4 63.h5 Ke5 64.Bc2
Bh6 65.Kc4 Bf8 66.Kb5 Kd6 67.Kb6 Bh6 68.Kb7 Kd7 69.Bd3 Bf4 70.Bb5+ Kd6 71.Kc8
Bg5 72.Bd3 Kc6 73.Bc2 1/2-1/2

[Event "2. Bundesliga Ost 2010/2011"]
[Site "2+3.10.Zwettl,30.10-1.11.Wien,27+28.11.Wien,29+30.
[Date "2010.10.02"]
[Round "1"]
[Board "4"]
[White "Riedner, Martin"]
[Black "Sekyra, Michael"]
[Result "1-0"]
[WhiteElo "2146"]
[BlackElo "2111"]
[PlyCount "41"]
[EventDate "2010.10.02"]
[EventType "team"]
[EventRounds "11"]
[EventCountry "AUT"]
[WhiteTeam "ASVOE SK Mattersburg"]
[BlackTeam "ASVOE Wulkaprodersdorf"]

1.c4 e5 2.Nc3 Nf6 3.Nf3 Nc6 4.g3 d5 5.cxd5 Nxd5 6.Bg2 Nb6 7.Rb1 Be7 8.b4 Bf5
9.b5 Nd4 10.d3 Nxf3+ 11.Bxf3 Qd4 12.Bd2 Rb8 13.a4 Bc5 14.O-O Bh3 15.Bg2 Bxg2
16.Kxg2 Be7 17.Qb3 h5 18.f4 Rd8 19.fxe5 Nd5 20.e4 Qxd3 21.exd5 1-0

[Event "2. Bundesliga Ost 2010/2011"]
[Site "2+3.10.Zwettl,30.10-1.11.Wien,27+28.11.Wien,29+30.
[Date "2010.10.02"]
[Round "1"]
[Board "5"]
[White "Steinwender, Peter"]
[Black "Salamon, Werner"]
[Result "1/2-1/2"]
[WhiteElo "2094"]
[BlackElo "2152"]
[PlyCount "37"]
[EventDate "2010.10.02"]
[EventType "team"]
[EventRounds "11"]
[EventCountry "AUT"]
[WhiteTeam "ASVOE Wulkaprodersdorf"]
[BlackTeam "ASVOE SK Mattersburg"]

1.e4 e5 2.Nf3 Nc6 3.Bb5 d6 4.d4 Bd7 5.O-O Nf6 6.Nc3 Be7 7.Re1 exd4 8.Nxd4 O-O
9.Bxc6 bxc6 10.Qd3 Re8 11.Bg5 h6 12.Bh4 Nh5 13.Bxe7 Qxe7 14.Re3 Qg5 15.Nf3 Qg6
16.Nh4 Qg5 17.Nf3 Qg6 18.Nh4 Qg5 19.Nf3 1/2-1/2

[Event "2. Bundesliga Ost 2010/2011"]
[Site "2+3.10.Zwettl,30.10-1.11.Wien,27+28.11.Wien,29+30.
[Date "2010.10.02"]
[Round "1"]
[Board "6"]
[White "Savio, Alfred Jun."]
[Black "Rampler, Evelyn"]
[Result "1-0"]
[WhiteElo "2063"]
[BlackElo "1842"]
[PlyCount "55"]
[EventDate "2010.10.02"]
[EventType "team"]
[EventRounds "11"]
[EventCountry "AUT"]
[WhiteTeam "ASVOE SK Mattersburg"]
[BlackTeam "ASVOE Wulkaprodersdorf"]

1.c4 e6 2.Nf3 Nf6 3.g3 d5 4.Bg2 Nbd7 5.O-O Bd6 6.Nc3 c6 7.d4 O-O 8.cxd5 exd5
9.Qc2 Re8 10.Re1 a6 11.Nh4 Nf8 12.Bd2 Bg4 13.f3 Bd7 14.e4 dxe4 15.fxe4 Qb6
16.Nf3 c5 17.d5 Ng6 18.Na4 Qc7 19.b4 cxb4 20.Qxc7 Bxc7 21.Rac1 Bxg3 22.hxg3 Bxa4
23.Nd4 Ne5 24.Rc7 Rab8 25.Bxb4 Nd3 26.Rb1 Nxe4 27.Nf5 Nf6 28.Bc3 1-0

[Event "2. Bundesliga Ost 2010/2011"]
[Site "2+3.10.Zwettl,30.10-1.11.Wien,27+28.11.Wien,29+30.
[Date "2010.10.02"]
[Round "1"]
[Board "1"]
[White "Rotstein, Arkadij"]
[Black "Boros, Denez"]
[Result "1-0"]
[WhiteElo "2542"]
[BlackElo "2508"]
[PlyCount "87"]
[EventDate "2010.10.02"]
[EventType "team"]
[EventRounds "11"]
[EventCountry "AUT"]
[WhiteTeam "SV Tschaturanga Neubau"]
[BlackTeam "Husek Wien"]

1.Nf3 Nf6 2.g3 g6 3.Bg2 Bg7 4.d4 O-O 5.O-O c5 6.d5 b5 7.Re1 Bb7 8.e4 e6 9.c4
bxc4 10.Nc3 Na6 11.Nd2 Nb4 12.Nxc4 Ba6 13.Bf1 exd5 14.exd5 Bb7 15.Bg2 Ba6 16.Ne5
Bb7 17.a3 Na6 18.Bg5 h6 19.Bxf6 Bxf6 20.d6 Bxg2 21.Kxg2 Re8 22.Qd5 Bxe5 23.Rxe5
Rxe5 24.Qxe5 Qe8 25.Qf4 Qe6 26.Rd1 Rb8 27.Qxh6 Rxb2 28.Rd3 Rb8 29.Rf3 c4 30.Rf4
f5 31.Rh4 Kf7 32.Qh7+ Kf6 33.Rh6 Rg8 34.Rh4 Rg7 35.Qh8 Nc5 36.Qf8+ Rf7 37.Qd8+
Ke5 38.Qa5 Qxd6 39.Rxc4 Qc6+ 40.Kg1 d6 41.Nb5 Qf3 42.Qd2 Ne4 43.Rxe4+ fxe4
44.Qxd6+ 1-0

[Event "2. Bundesliga Ost 2010/2011"]
[Site "2+3.10.Zwettl,30.10-1.11.Wien,27+28.11.Wien,29+30.
[Date "2010.10.02"]
[Round "1"]
[Board "2"]
[White "Mihok, Oliver"]
[Black "Wukits, Rene"]
[Result "1/2-1/2"]
[WhiteElo "2463"]
[BlackElo "2307"]
[PlyCount "165"]
[EventDate "2010.10.02"]
[EventType "team"]
[EventRounds "11"]
[EventCountry "AUT"]
[WhiteTeam "Husek Wien"]
[BlackTeam "SV Tschaturanga Neubau"]

1.e4 c5 2.Nf3 e6 3.d4 cxd4 4.Nxd4 a6 5.Nc3 d6 6.Bd3 Nf6 7.O-O Be7 8.Kh1 O-O 9.f4
Nbd7 10.Qe2 Qc7 11.Bd2 Rd8 12.Rae1 Nc5 13.Nb3 Nxd3 14.cxd3 b6 15.Rc1 Qb7 16.Be3
Bd7 17.e5 Ne8 18.Qf2 Rab8 19.Nd4 Bf8 20.Ne4 Rdc8 21.f5 Rxc1 22.Bxc1 exf5 23.Nxf5
Bxf5 24.Qxf5 dxe5 25.Qxe5 Rd8 26.Be3 Nd6 27.Qg5 Be7 28.Qf4 f6 29.Nxd6 Rxd6
30.Qc4+ Kf8 31.Rc1 b5 32.Qc3 Qd5 33.Bc5 Rd7 34.Bxe7+ Rxe7 35.Qc8+ Kf7 36.Qxa6
Re2 37.Qa7+ Kg6 38.Qg1 Rxb2 39.a3 Qxd3 40.Qe1 Re2 41.Qh4 Rxg2 42.Kxg2 Qd2+
43.Kf3 Qxc1 44.Qe4+ f5 45.Qe6+ Kg5 46.Qe7+ Kh6 47.Qb4 Qh1+ 48.Ke3 Qxh2 49.Qxb5
Qg3+ 50.Kd2 Qxa3 51.Qxf5 Qb2+ 52.Ke1 Qf6 53.Qh3+ Kg6 54.Qg4+ Kf7 55.Qh5+ Qg6
56.Qf3+ Ke6 57.Qc6+ Ke5 58.Qc7+ Kf5 59.Qc5+ Kf4 60.Qf2+ Kg5 61.Qd2+ Kf6 62.Qd6+
Kf7 63.Qc7+ Kf8 64.Qc5+ Ke8 65.Qc8+ Ke7 66.Qc7+ Ke6 67.Qc6+ Ke5 68.Qc5+ Ke4
69.Qc2+ Kd4 70.Qb2+ Kc4 71.Qa2+ Kc3 72.Qd2+ Kb3 73.Qd5+ Kb4 74.Qd4+ Kb5 75.Qd5+
Kb6 76.Qd8+ Kc6 77.Qc8+ Kd5 78.Qb7+ Ke5 79.Qc7+ Kf5 80.Qc5+ Kg4 81.Qg1+ Kh5
82.Qh2+ Kg5 83.Qd2+ 1/2-1/2

[Event "2. Bundesliga Ost 2010/2011"]
[Site "2+3.10.Zwettl,30.10-1.11.Wien,27+28.11.Wien,29+30.
[Date "2010.10.02"]
[Round "1"]
[Board "3"]
[White "Kreindl, Helmut"]
[Black "Juhasz, Kristof"]
[Result "1-0"]
[WhiteElo "2179"]
[BlackElo "2268"]
[PlyCount "97"]
[EventDate "2010.10.02"]
[EventType "team"]
[EventRounds "11"]
[EventCountry "AUT"]
[WhiteTeam "SV Tschaturanga Neubau"]
[BlackTeam "Husek Wien"]

1.d4 Nf6 2.Bg5 e6 3.e3 c5 4.c3 b6 5.Nf3 Be7 6.Bd3 Bb7 7.O-O Nc6 8.a3 O-O 9.e4 d5
10.e5 Nd7 11.Bxe7 Qxe7 12.Qe2 f6 13.exf6 Qxf6 14.Bc2 e5 15.Bb3 exd4 16.Bxd5+ Kh8
17.Qe6 Qxe6 18.Bxe6 Nde5 19.Nxe5 Nxe5 20.Rd1 Rad8 21.cxd4 cxd4 22.b3 Ng6 23.Bc4
Ne5 24.Bf1 Ng4 25.Ra2 Rf6 26.h3 Ne5 27.Nd2 Bd5 28.Nc4 Bxc4 29.Bxc4 Rc6 30.Ba6
Rc3 31.Re2 Ng6 32.Rxd4 Rf8 33.Bc4 a5 34.a4 h6 35.Rd6 Nf4 36.Red2 b5 37.axb5 a4
38.Rd8 Rxd8 39.Rxd8+ Kh7 40.Bg8+ Kg6 41.bxa4 Rc1+ 42.Kh2 Rb1 43.g3 Nh5 44.Bc4
Rb2 45.Kg2 Nf6 46.a5 Rb4 47.Bd3+ Kf7 48.a6 Ke7 49.Rb8 1-0

[Event "2. Bundesliga Ost 2010/2011"]
[Site "2+3.10.Zwettl,30.10-1.11.Wien,27+28.11.Wien,29+30.
[Date "2010.10.02"]
[Round "1"]
[Board "4"]
[White "Maros, Milan"]
[Black "Kleiser, Gregor"]
[Result "1/2-1/2"]
[WhiteElo "2329"]
[BlackElo "2258"]
[PlyCount "108"]
[EventDate "2010.10.02"]
[EventType "team"]
[EventRounds "11"]
[EventCountry "AUT"]
[WhiteTeam "Husek Wien"]
[BlackTeam "SV Tschaturanga Neubau"]

1.d4 d5 2.c4 e6 3.Nc3 Nf6 4.cxd5 exd5 5.Bg5 c6 6.e3 Be7 7.Bd3 O-O 8.Qc2 g6
9.Nge2 Nh5 10.Bxe7 Qxe7 11.O-O Ng7 12.a3 a5 13.Rfe1 Bf5 14.e4 dxe4 15.Nxe4 Nd7
16.N2c3 Rfe8 17.Re3 Nf6 18.Rae1 Nxe4 19.Nxe4 Bxe4 20.Bxe4 Qd6 21.Rd1 Rad8 22.Bf3
Nf5 23.Rxe8+ Rxe8 24.d5 Nd4 25.Qd3 Nxf3+ 26.Qxf3 Qxd5 27.Qxd5 cxd5 28.Kf1 Rd8
29.Rc1 Rd6 30.Rc5 b6 31.Rc7 Kg7 32.Ke2 h5 33.h4 Kf6 34.Kd3 Ke6 35.Kd4 f6 36.b4
axb4 37.axb4 Kf5 38.b5 g5 39.g3 Rd8 40.Rc6 Ra8 41.Rxb6 Ra2 42.hxg5 fxg5 43.f3
Rd2+ 44.Ke3 Rg2 45.Rh6 Rxg3 46.Rxh5 Rg2 47.b6 Rb2 48.Rh6 Rb4 49.Rd6 Ke5 50.Rg6
d4+ 51.Kd3 Kf5 52.Rd6 Ke5 53.Rg6 Kf5 54.Rd6 Ke5 1/2-1/2

[Event "2. Bundesliga Ost 2010/2011"]
[Site "2+3.10.Zwettl,30.10-1.11.Wien,27+28.11.Wien,29+30.
[Date "2010.10.02"]
[Round "1"]
[Board "5"]
[White "Ponjican, Erich"]
[Black "Reinwald, Patrick"]
[Result "0-1"]
[WhiteElo "2206"]
[BlackElo "2093"]
[PlyCount "46"]
[EventDate "2010.10.02"]
[EventType "team"]
[EventRounds "11"]
[EventCountry "AUT"]
[WhiteTeam "SV Tschaturanga Neubau"]
[BlackTeam "Husek Wien"]

1.e4 e5 2.Nf3 Nc6 3.Bb5 a6 4.Ba4 Nf6 5.O-O b5 6.Bb3 Bc5 7.c3 d6 8.d4 Bb6 9.h3
O-O 10.Bg5 h6 11.Bh4 g5 12.Bg3 exd4 13.cxd4 g4 14.hxg4 Bxg4 15.Bh4 Nxd4 16.Nc3
Qd7 17.Bxf6 Bxf3 18.gxf3 Qh3 19.Bxd4 Kh7 20.Ne2 Rg8+ 21.Ng3 Rxg3+ 22.fxg3 Qxg3+
23.Kh1 Qh4+ 0-1

[Event "2. Bundesliga Ost 2010/2011"]
[Site "2+3.10.Zwettl,30.10-1.11.Wien,27+28.11.Wien,29+30.
[Date "2010.10.02"]
[Round "1"]
[Board "6"]
[White "Haas, Bernhard"]
[Black "Schwaninger, Wolfgang"]
[Result "0-1"]
[WhiteElo "1989"]
[BlackElo "2146"]
[PlyCount "78"]
[EventDate "2010.10.02"]
[EventType "team"]
[EventRounds "11"]
[EventCountry "AUT"]
[WhiteTeam "Husek Wien"]
[BlackTeam "SV Tschaturanga Neubau"]

1.e4 c5 2.Nf3 Nc6 3.d4 cxd4 4.Nxd4 e5 5.Nb5 a6 6.Nd6+ Bxd6 7.Qxd6 Qf6 8.Qd1 Nge7
9.Nc3 O-O 10.Be2 Nd4 11.O-O b5 12.f4 Bb7 13.Bg4 Qb6 14.Be3 d6 15.Kh1 f5 16.Bf3
fxe4 17.Bxe4 Bxe4 18.Nxe4 Nef5 19.Bg1 Qc6 20.Nc3 b4 21.Ne2 Nh4 22.Rf2 Ndf5
23.Qd3 e4 24.Qh3 e3 25.Rff1 Qxc2 26.Rfe1 Rae8 27.Ng3 Nxg3+ 28.hxg3 Nf5 29.g4 Rf6
30.g5 Rfe6 31.Rac1 Qe4 32.b3 d5 33.Bxe3 Nxe3 34.f5 Re5 35.Rc7 Qxf5 36.Rxe3 Qb1+
37.Kh2 Rxe3 38.Qd7 Qg6 39.Qxd5+ Kh8 0-1

[Event "2. Bundesliga Ost 2010/2011"]
[Site "2+3.10.Zwettl,30.10-1.11.Wien,27+28.11.Wien,29+30.
[Date "2010.10.03"]
[Round "2"]
[Board "1"]
[White "Hodisch, Juri"]
[Black "Boros, Denez"]
[Result "0-1"]
[WhiteElo "2393"]
[BlackElo "2508"]
[PlyCount "49"]
[EventDate "2010.10.02"]
[EventType "team"]
[EventRounds "11"]
[EventCountry "AUT"]
[WhiteTeam "Aljechin/Wieden"]
[BlackTeam "Husek Wien"]

1.d4 Nf6 2.c4 g6 3.Nc3 Bg7 4.Nf3 O-O 5.g3 d5 6.cxd5 Nxd5 7.Bg2 Nb6 8.O-O Nc6
9.d5 Na5 10.Qc2 c6 11.dxc6 Nxc6 12.Rd1 Qe8 13.Bf4 e5 14.Be3 Bf5 15.Qc1 Qe7
16.Bh6 Rac8 17.Bxg7 Kxg7 18.h3 f6 19.e3 Nb4 20.g4 Be6 21.Qb1 Nc4 22.Nd2 f5
23.Nxc4 Rxc4 24.a3 fxg4 25.axb4 0-1

[Event "2. Bundesliga Ost 2010/2011"]
[Site "2+3.10.Zwettl,30.10-1.11.Wien,27+28.11.Wien,29+30.
[Date "2010.10.03"]
[Round "2"]
[Board "2"]
[White "Mihok, Oliver"]
[Black "Heiny, Johannes"]
[Result "1-0"]
[WhiteElo "2463"]
[BlackElo "2263"]
[PlyCount "69"]
[EventDate "2010.10.02"]
[EventType "team"]
[EventRounds "11"]
[EventCountry "AUT"]
[WhiteTeam "Husek Wien"]
[BlackTeam "Aljechin/Wieden"]

1.e4 e6 2.d4 d5 3.Nc3 Nf6 4.Bg5 Be7 5.e5 Nfd7 6.Bxe7 Qxe7 7.f4 O-O 8.Nf3 c5
9.Qd2 Nc6 10.dxc5 Qxc5 11.Bd3 f5 12.exf6 Nxf6 13.O-O-O Ng4 14.Rde1 d4 15.Ne4 Qd5
16.Kb1 e5 17.h3 Ne3 18.fxe5 Bf5 19.Nxd4 Bxe4 20.Bxe4 Qxe4 21.Nxc6 Qxc2+ 22.Qxc2
Nxc2 23.Rc1 bxc6 24.Rxc2 Rae8 25.Re1 Re6 26.Ree2 Rf1+ 27.Rc1 Rxc1+ 28.Kxc1 Kf7
29.Kc2 Kg6 30.Kc3 Kf5 31.Kd4 h5 32.Rf2+ Kg6 33.Ke4 Re7 34.Rc2 Re6 35.Rd2 1-0

[Event "2. Bundesliga Ost 2010/2011"]
[Site "2+3.10.Zwettl,30.10-1.11.Wien,27+28.11.Wien,29+30.
[Date "2010.10.03"]
[Round "2"]
[Board "3"]
[White "Groetz, Harald"]
[Black "Juhasz, Kristof"]
[Result "1/2-1/2"]
[WhiteElo "2321"]
[BlackElo "2268"]
[PlyCount "87"]
[EventDate "2010.10.02"]
[EventType "team"]
[EventRounds "11"]
[EventCountry "AUT"]
[WhiteTeam "Aljechin/Wieden"]
[BlackTeam "Husek Wien"]

1.Nf3 Nf6 2.g3 d5 3.Bg2 c6 4.O-O Bg4 5.Ne5 Bh5 6.d4 Nbd7 7.c4 e6 8.Nc3 Nxe5
9.dxe5 Nd7 10.cxd5 cxd5 11.Qa4 Bc5 12.e4 d4 13.Nb5 O-O 14.b4 Bb6 15.Nd6 Rb8
16.Bf4 d3 17.Rad1 Bxd1 18.Qxd1 Bd4 19.Qxd3 Bxe5 20.Be3 Nb6 21.Bxb6 Qxb6 22.Nc4
Qc7 23.Nxe5 Qxe5 24.Qe3 b6 25.Qa3 a5 26.bxa5 bxa5 27.Qe3 Rfd8 28.Rc1 Qb2 29.a4
Rd2 30.Rc5 Qb4 31.Bf1 Rd4 32.Rxa5 Rxe4 33.Qf3 Qxa5 34.Qxe4 g6 35.Bb5 Rd8 36.h4
h5 37.Kg2 Qd2 38.Bc6 Rd6 39.Qf3 Qe1 40.Be8 f5 41.Qb7 Qe4+ 42.Qxe4 fxe4 43.Bxg6
Ra6 44.Bxe4 1/2-1/2

[Event "2. Bundesliga Ost 2010/2011"]
[Site "2+3.10.Zwettl,30.10-1.11.Wien,27+28.11.Wien,29+30.
[Date "2010.10.03"]
[Round "2"]
[Board "4"]
[White "Maros, Milan"]
[Black "Schlosser, Michael"]
[Result "1/2-1/2"]
[WhiteElo "2329"]
[BlackElo "2331"]
[PlyCount "82"]
[EventDate "2010.10.02"]
[EventType "team"]
[EventRounds "11"]
[EventCountry "AUT"]
[WhiteTeam "Husek Wien"]
[BlackTeam "Aljechin/Wieden"]

1.e4 g6 2.d4 Bg7 3.Nf3 d6 4.Bd3 Bg4 5.c3 e5 6.dxe5 dxe5 7.h3 Bxf3 8.Qxf3 Bh6
9.Bc4 Qe7 10.Bxh6 Nxh6 11.Qe3 Ng8 12.O-O Nd7 13.Nd2 Ngf6 14.f4 O-O 15.f5 Kg7
16.Rf2 Qc5 17.Qe2 a5 18.Raf1 a4 19.Kh2 c6 20.a3 b5 21.Ba2 g5 22.g4 h6 23.h4 Rh8
24.Kg3 gxh4+ 25.Kxh4 Rag8 26.Rg2 Qe7 27.Kh3 Nc5 28.Rg3 Rd8 29.Bb1 Nh7 30.Kg2 f6
31.c4 Ng5 32.cxb5 cxb5 33.Rc1 Rd4 34.Rgc3 Rhd8 35.Nf3 Nxf3 36.Kxf3 Nb3 37.Rh1
Nd2+ 38.Kg3 Nxb1 39.Qe3 Rh8 40.Rxb1 Qd6 41.Rh1 Qb8 1/2-1/2

[Event "2. Bundesliga Ost 2010/2011"]
[Site "2+3.10.Zwettl,30.10-1.11.Wien,27+28.11.Wien,29+30.
[Date "2010.10.03"]
[Round "2"]
[Board "5"]
[White "Hadjieff, Dieter"]
[Black "Reinwald, Patrick"]
[Result "1-0"]
[WhiteElo "2175"]
[BlackElo "2093"]
[PlyCount "78"]
[EventDate "2010.10.02"]
[EventType "team"]
[EventRounds "11"]
[EventCountry "AUT"]
[WhiteTeam "Aljechin/Wieden"]
[BlackTeam "Husek Wien"]

1.Nf3 Nf6 2.e3 e6 3.d4 b6 4.Nbd2 Bb7 5.Bd3 Be7 6.O-O c5 7.Qe2 O-O 8.c3 d6 9.a3
Nbd7 10.Re1 Re8 11.e4 cxd4 12.cxd4 e5 13.d5 Bf8 14.b4 g6 15.g3 Bg7 16.Ba6 Bxa6
17.Qxa6 Nxd5 18.Qd3 N7f6 19.Nc4 b5 20.Na5 Nb6 21.Qxb5 Nxe4 22.Rxe4 d5 23.Bg5 f6
24.Rxe5 fxg5 25.Rxe8+ Qxe8 26.Qxe8+ Rxe8 27.Re1 Rxe1+ 28.Nxe1 Bb2 29.Nd3 Bxa3
30.Nc6 Nc4 31.Nxa7 Nb2 32.Nxb2 Bxb2 33.Nc6 Ba3 34.b5 Bc5 35.Ne5 Bd6 36.Nc6 Bc5
37.Kf1 Kf7 38.g4 Ke6 39.Ke2 Kd6 1-0

[Event "2. Bundesliga Ost 2010/2011"]
[Site "2+3.10.Zwettl,30.10-1.11.Wien,27+28.11.Wien,29+30.
[Date "2010.10.03"]
[Round "2"]
[Board "6"]
[White "Haas, Bernhard"]
[Black "Batyte, Daiva"]
[Result "1-0"]
[WhiteElo "1989"]
[BlackElo "2167"]
[PlyCount "65"]
[EventDate "2010.10.02"]
[EventType "team"]
[EventRounds "11"]
[EventCountry "AUT"]
[WhiteTeam "Husek Wien"]
[BlackTeam "Aljechin/Wieden"]

1.e4 e5 2.Nf3 Nf6 3.d4 Nxe4 4.Bd3 d5 5.Nxe5 Be7 6.c4 O-O 7.O-O Nc6 8.cxd5 Qxd5
9.Re1 Nxe5 10.Bxe4 Qc4 11.dxe5 Bb4 12.Bd2 Rd8 13.Qe2 Qc5 14.Bxb4 Qxb4 15.Nc3 c6
16.Rad1 Re8 17.Rd2 Be6 18.Red1 a5 19.Qd3 g6 20.Qd4 Qe7 21.Qd6 Qg5 22.Qc7 Bg4
23.f3 Be6 24.Qxb7 Qxe5 25.Qxc6 Rab8 26.Qd6 Qg5 27.Qg3 Qc5+ 28.Qf2 Qe5 29.Bd5
Bxd5 30.Rxd5 Qc7 31.Rd7 Qc6 32.Ne4 Rb4 33.R7d6 1-0

[Event "2. Bundesliga Ost 2010/2011"]
[Site "2+3.10.Zwettl,30.10-1.11.Wien,27+28.11.Wien,29+30.
[Date "2010.10.03"]
[Round "2"]
[Board "1"]
[White "Papp, Gabor"]
[Black "Rotstein, Arkadij"]
[Result "1/2-1/2"]
[WhiteElo "2526"]
[BlackElo "2542"]
[PlyCount "81"]
[EventDate "2010.10.02"]
[EventType "team"]
[EventRounds "11"]
[EventCountry "AUT"]
[WhiteTeam "ASVOE SK Mattersburg"]
[BlackTeam "SV Tschaturanga Neubau"]

1.e4 c5 2.Nf3 e6 3.c4 Nc6 4.Nc3 e5 5.Be2 d6 6.a3 a5 7.d3 Be7 8.O-O f5 9.Nd5 Nf6
10.Rb1 O-O 11.Bd2 Kh8 12.Qc2 f4 13.b4 axb4 14.axb4 g5 15.b5 Nd4 16.Nxd4 exd4
17.Nxf6 Bxf6 18.Ra1 Rxa1 19.Rxa1 Be5 20.f3 g4 21.Ra8 Qh4 22.Qc1 Kg7 23.Kh1 h5
24.Qe1 Qf6 25.Qf1 Rh8 26.Bd1 Kf7 27.Kg1 Ke7 28.Be1 Qg5 29.Kh1 Rg8 30.Kg1 Kf7
31.Kh1 g3 32.h3 Qh4 33.Ra2 Be6 34.Kg1 Qe7 35.Qe2 Qd7 36.Qf1 Rb8 37.Qe2 Qc8
38.Qc2 Ra8 39.Rxa8 Qxa8 40.Qa4 Qxa4 41.Bxa4 1/2-1/2